Anales /
Guardado en:
| Autor Corporativo: | |
|---|---|
| Formato: | Libro |
| Idioma: | Spanish |
| Publicado: |
Bahía Blanca :
EdiUNS,
2000.
|
| Materias: | |
| Etiquetas: |
Agregar Etiqueta
Sin Etiquetas, Sea el primero en etiquetar este registro!
|
| LEADER | 00751nam a22002055a 4500 | ||
|---|---|---|---|
| 001 | EUN.um068953 | ||
| 003 | AR-BaUNS | ||
| 005 | 20050623122932.0 | ||
| 008 | 041125s2000####ag#a##########000#0#spa#d | ||
| 245 | 1 | 0 | |a Anales / |c Congreso argentino de enseñanza de ingeniería. 3. |
| 260 | |a Bahía Blanca : |b EdiUNS, |c 2000. | ||
| 300 | |a 2 v. : |b il. ; |c 29,5 cm. | ||
| 020 | |a 9879281500 | ||
| 082 | 0 | 4 | |a 620.7 |
| 653 | |a Ingenieria | ||
| 653 | |a EnseÑanza de la ingenieria | ||
| 653 | |a Confedi | ||
| 110 | 2 | |a Congreso argentino de enseñanza de ingeniería. 3 |c Bahía Blanca, Argentina, 20-22 de Septiembre de 2000. | |
| 859 | |a Ar-BaUNS |b BIB. CENTRAL - Sector A |h 620.7 |i C76 |p 112841/002 |v v.2 | ||
| 859 | |a Ar-BaUNS |b BIB. CENTRAL - Sector A |h 620.7 |i C76 |p 112843/002 |t Ej.2 |v v.2 | ||
